Guide to technical services resources
The purpose of this bibliography is to "provide annotated and evaluative references to the primary tools for those who work, study, research, and teach in the areas of library technical services."
Wedi'i Gadw mewn:
| Prif Awdur: | |
|---|---|
| Fformat: | Llyfr |
| Iaith: | Undetermined |
| Cyhoeddwyd: |
Chicago
American Library Association
1994
|
| Pynciau: | |
| Tagiau: |
Ychwanegu Tag
Dim Tagiau, Byddwch y cyntaf i dagio'r cofnod hwn!
|
| Thư viện lưu trữ: | Trung tâm Học liệu Trường Đại học Cần Thơ |
|---|
| LEADER | 00889nam a2200217Ia 4500 | ||
|---|---|---|---|
| 001 | CTU_127040 | ||
| 008 | 210402s9999 xx 000 0 und d | ||
| 082 | |a 016.02502 | ||
| 082 | |b J68 | ||
| 100 | |a Johnson, Peggy | ||
| 245 | 0 | |a Guide to technical services resources | |
| 245 | 0 | |c Peggy Johnson, editor ; with chapters by Sheila S. Intner ... [et al.]. | |
| 260 | |a Chicago | ||
| 260 | |b American Library Association | ||
| 260 | |c 1994 | ||
| 520 | |a The purpose of this bibliography is to "provide annotated and evaluative references to the primary tools for those who work, study, research, and teach in the areas of library technical services." | ||
| 650 | |a Technical services (Libraries),Technical services (Libraries) | ||
| 650 | |x United States,Bibliography | ||
| 650 | |z Bibliography,Canada | ||
| 904 | |i Nguyên | ||
| 980 | |a Trung tâm Học liệu Trường Đại học Cần Thơ | ||